El negro Robles y su época / (Registro nro. 6875)

Detalles MARC
000 -LEADER
fixed length control field 01559cam a2200241 a 4500
001 - CONTROL NUMBER
control field 12136035
003 - CONTROL NUMBER IDENTIFIER
control field OSt
005 - DATE AND TIME OF LATEST TRANSACTION
control field 20200923110845.0
008 - FIXED-LENGTH DATA ELEMENTS--GENERAL INFORMATION
fixed length control field 000809s2000 ck b 000 0bspa
040 ## - CATALOGING SOURCE
Original cataloging agency DLC
Transcribing agency DLC
082 04 - DEWEY DECIMAL CLASSIFICATION NUMBER
Classification number 986.1061092 /
Item number P944n
Edition number 23
100 1# - MAIN ENTRY--PERSONAL NAME
Personal name Pérez Escobar, Jacobo.
Relator term autor
9 (RLIN) 10704
245 13 - TITLE STATEMENT
Title El negro Robles y su época /
Statement of responsibility, etc. Jacobo Pérez Escobar.
260 ## - PUBLICATION, DISTRIBUTION, ETC.
Place of publication, distribution, etc. Santafé de Bógota, D.C., Colombia :
Name of publisher, distributor, etc. Centro para la Investigación de la Cultura Negra,
Date of publication, distribution, etc. c2000.
300 ## - PHYSICAL DESCRIPTION
Extent 272 páginas ;
Dimensions 23 cm.
504 ## - BIBLIOGRAPHY, ETC. NOTE
Bibliography, etc. note Bibliografía: páginas 265-267.
505 0# - FORMATTED CONTENTS NOTE
Formatted contents note Prolegómenos de una vida eximia. -- Iniciación en la vida pública. -- Dictadura del general riasco y guerra civil en el magdalena. -- Robles, ministro de estado. -- Guerra religiosa de 1876. -- El estado soberano del magdalena bajo la presencia de Robles. -- Robles y Campo Serrano. -- Rafael Núñez y el radicalismo. -- Revolución 1885. -- Transformación política de 1886. -- Las libertades públicas y la regeneración. -- Robles, único vocero del liberalismo en el congreso. -- Escándalo y persecución por los dineros del fondo liberal. -- El banco nacional y las emisiones clandestinas. -- Duelo nacionalista. -- Un perseguido honrado por Nicaragua. -- Postrimerías de una vida. -- Apoteosis nacional ante una tumba.
600 10 - SUBJECT ADDED ENTRY--PERSONAL NAME
Personal name Robles, Luis Antonio,
Dates associated with a name 1849-1899.
9 (RLIN) 10705
650 24 - SUBJECT ADDED ENTRY--TOPICAL TERM
Topical term or geographic name entry element Políticos
Geographic subdivision Colombia
General subdivision Historia
9 (RLIN) 10706
650 24 - SUBJECT ADDED ENTRY--TOPICAL TERM
Topical term or geographic name entry element Política y gobierno
Geographic subdivision Colombia
9 (RLIN) 7461
650 24 - SUBJECT ADDED ENTRY--TOPICAL TERM
Topical term or geographic name entry element Oficiales de gabinete
Geographic subdivision Colombia
9 (RLIN) 10707
942 ## - ADDED ENTRY ELEMENTS (KOHA)
Source of classification or shelving scheme Dewey Decimal Classification
Koha item type Books
Existencias
Withdrawn status Lost status Source of classification or shelving scheme Damaged status Not for loan Home library Current library Shelving location Date acquired Source of acquisition Total Checkouts Full call number Barcode Date last seen Date last checked out Copy number Price effective from Koha item type
    Dewey Decimal Classification     Biblioteca Pública José María del Castillo y Rada Biblioteca Pública José María del Castillo y Rada General Stacks 04/15/2018 Donación 1 986.1061092 / P944n 201810108 09/19/2024 09/19/2024 Ej.1 04/15/2018 Books